| 000 | 00687nam a2200253 a 4500 | ||
|---|---|---|---|
| 008 | |||
| 020 | _a0256141819 (pbk.) | ||
| 049 | _aMAIN | ||
| 090 | _aHB172 SLA | ||
| 100 | 1 | _aSlavin, Stephen L. | |
| 245 | 1 | 0 |
_aMicroeconomics / _cStephen L. Slavin. |
| 250 | _a3rd ed. | ||
| 260 |
_aBurr Ridge, Ill. : _bIrwin, _c1994. |
||
| 300 |
_axx, 473p. : _bill. ; _c28 cm. |
||
| 440 | _aThe Irwin series in economics. | ||
| 500 | _aIncludes index. | ||
| 650 | 0 | _aEconomics. | |
| 700 | 1 | _aSlavin, Stephen L. | |
| 907 |
_a.b1007983x _b12-05-11 _c01-07-03 |
||
| 003 | |||
| 005 | 20231018171200.0 | ||
| 040 | _cNUST | ||
| 942 |
_cBOOKS _kHB172 SLA _01 |
||
| 999 |
_c146322 _d146322 |
||